=LDR 00000nam 2200000 4500 =001 INLIS000000000015636 =005 20130612110917 =008 ***********************************Indo** =035 ##$$0010-061300000015636 =041 ##$$a Indo =082 ##$$a 282.07 =090 ##$$a 282.07, Pen p =100 ##$$a Tim Penulis =245 ##$$a Pendidikan Agama Katolik Untuk SLTP,Semakinal Mengenal Yesus Siswa IA Caturwulan 1, Tim Penulis DPS.AL.Soenarto,SW dkk =250 ##$$a Seri Murid-Murid Yesus =260 ##$$a 1995 $b Yogyakarta =300 ##$$a 52 hlm, ilus, 21 cm =650 ##$$a Agama (Gerya) Katolik-Studi Dan Pengajaran =700 ##$$a Tim Penulis Al.Soenarto,SW =850 ##$$a NBPNMAT